000 00436cam a2200181ua 4500
001 57
008 150302n II |||gr||||Z||||||eng
040 _aMAIN
041 _aEnglish
082 _a320.011 JOA
100 _aJOAD, C.E.M.
245 _aINTRODUCTION TO MODERN POLITICAL THEORY
250 _a1ST.
260 _aNEW DELHI:
_bOXFORD UNIVERSITY PRESS,
_c1969.
300 _a127:
_c20CM.
653 _aPOLITICAL THEORIES
942 _cBK
999 _c57
_d57